| 000 | 00834nam a2200253 i 4500 | ||
|---|---|---|---|
| 001 | 128539 | ||
| 003 | ES-MaACL | ||
| 005 | 20250809063520.0 | ||
| 007 | t| | ||
| 008 | 070517s1975 sp ||||1| spa d | ||
| 020 | _a84-229-0180-3 | ||
| 080 | _a32(46) | ||
| 100 | 1 |
_aTamames, Ramón, _d1933- _9237391 |
|
| 245 | 1 | 3 |
_aUn proyecto de democracia para el futuro de España / _cRamón Tamames. |
| 250 | _a2ª ed. | ||
| 260 |
_aMadrid : _bCuadernos para el Diálogo, _c1975. |
||
| 300 |
_a150 p. ; _c18 cm. |
||
| 490 | 1 |
_aDivulgación universitaria. Problemas españoles ; _v81 |
|
| 650 | 1 | 4 |
_aDemocratización- _zEspaña. _911579 |
| 710 | 2 |
_aCuadernos para el Diálogo. _93333 |
|
| 830 | 1 |
_aDivulgación universitaria. Problemas españoles ; _v81 _9219289 |
|
| 852 |
_aES-MaACL _jE-8474 |
||
| 999 |
_c128539 _d128539 |
||